<?xml version="1.0" encoding="UTF-8"?>
<collection xmlns="http://www.loc.gov/MARC21/slim">
 <record>
  <leader>     na                 </leader>
  <controlfield tag="001">INLIS000000000009517</controlfield>
  <controlfield tag="005">20221103103056</controlfield>
  <datafield tag="035" ind1=" " ind2=" ">
   <subfield code="a">0010-0520009517</subfield>
  </datafield>
  <controlfield tag="008">221103                |          | ind  </controlfield>
  <datafield tag="020" ind1=" " ind2=" ">
   <subfield code="a">9786021642931</subfield>
  </datafield>
  <datafield tag="041" ind1=" " ind2=" ">
   <subfield code="a">ind</subfield>
  </datafield>
  <datafield tag="082" ind1=" " ind2=" ">
   <subfield code="a">342.59809</subfield>
  </datafield>
  <datafield tag="084" ind1=" " ind2=" ">
   <subfield code="a">342.59809 SIR h</subfield>
  </datafield>
  <datafield tag="100" ind1="0" ind2=" ">
   <subfield code="a">Sirajuddin</subfield>
  </datafield>
  <datafield tag="245" ind1="1" ind2=" ">
   <subfield code="a">Hukum Administrasi Pemerintahan Daerah: Sejarah, Asas, Kewenangan, dan Pengawasan Penyelenggaraan Pemerintahan Daerah /</subfield>
   <subfield code="c">Sirajuddin</subfield>
  </datafield>
  <datafield tag="260" ind1=" " ind2=" ">
   <subfield code="a">Malang :</subfield>
   <subfield code="b">Setara Press,</subfield>
   <subfield code="c">2016</subfield>
  </datafield>
  <datafield tag="300" ind1=" " ind2=" ">
   <subfield code="a">xvi, 388 hlm.; 23 cm ;</subfield>
   <subfield code="c">23 cm</subfield>
  </datafield>
  <datafield tag="500" ind1=" " ind2=" ">
   <subfield code="a">Indeks : hlm. 361-368</subfield>
  </datafield>
  <datafield tag="504" ind1=" " ind2=" ">
   <subfield code="a">hlm. 369-385</subfield>
  </datafield>
  <datafield tag="520" ind1=" " ind2=" ">
   <subfield code="a">Penyelenggaraan otonomi daerah di Indonesia masih diliputi berbagai persoalan dalam implementasinya. Penyelenggaraan otonomi daerah pada dasarnya akan terealisasi dengan baik apabila dilaksanakan dengan memakai prinsip-prinsip good governance. Buku yang berjudul &quot;Hukum administrasi pemerintah daerah: sejarah, asas, kewenangan, dan pengawasan penyelenggaraan pemerintahan daerah&quot; ini merupakan kajian normatif sekaligus kajian kritis terhadap problematika penyelenggaraan pemerintahan daerah. Buku ini terdiri dari 14 (empat belas) bab, yakni: (1) Pendahuluan; (2) Sejarah Hukum Pemerintahan Daerah; (3) Asas-asas Penyelenggaraan Pemerintahan Daerah; (4) Kewenangan atau Urusan Pemerintahan Daerah; (5) Hubungan Keuangan Pusat dan Daerah; (6) Kepala Daerah dan Organisasi Pemerintahan Daerah; (7) PengisIan Jabatan dan Pemberhentian Kepala Daerah; (8) DPRD; (9) Peraturan Daerah; (10) Pembentukan dan Pemekaran Daerah; (11) Otonomi Khusus dan Daerah Istimewa; (12) Aparatur Sipil Negara dan Pelayanan Publik di Daerah; dan (14) Pemerintahan Desa. Buku ini diharapkan dapat memperkaya kajian-kajian hukum administrasi di Indonesia. Buku ini telah disesuaikan dengan dinamika dan perkembangan administrasi ketatapemerintahan yang ada saat ini.</subfield>
  </datafield>
  <datafield tag="650" ind1=" " ind2="4">
   <subfield code="a">Pemerintahan daerah -- Undang-undang dan peraturan</subfield>
  </datafield>
  <datafield tag="990" ind1=" " ind2=" ">
   <subfield code="a">25476/MKRI-P/II-2017</subfield>
  </datafield>
  <datafield tag="990" ind1=" " ind2=" ">
   <subfield code="a">25477/MKRI-P/II-2017</subfield>
  </datafield>
  <datafield tag="990" ind1=" " ind2=" ">
   <subfield code="a">25479/MKRI-P/II-2017</subfield>
  </datafield>
  <datafield tag="990" ind1=" " ind2=" ">
   <subfield code="a">25478/MKRI-P/II-2017</subfield>
  </datafield>
  <datafield tag="990" ind1=" " ind2=" ">
   <subfield code="a">25477/MKRI-P/II-2017</subfield>
  </datafield>
  <datafield tag="990" ind1=" " ind2=" ">
   <subfield code="a">25476/MKRI-P/II-2017</subfield>
  </datafield>
  <datafield tag="990" ind1=" " ind2=" ">
   <subfield code="a">25479/MKRI-P/II-2017</subfield>
  </datafield>
  <datafield tag="990" ind1=" " ind2=" ">
   <subfield code="a">25478/MKRI-P/II-2017</subfield>
  </datafield>
  <datafield tag="990" ind1=" " ind2=" ">
   <subfield code="a">25476/MKRI-P/II-2017</subfield>
  </datafield>
  <datafield tag="990" ind1=" " ind2=" ">
   <subfield code="a">25477/MKRI-P/II-2017</subfield>
  </datafield>
  <datafield tag="990" ind1=" " ind2=" ">
   <subfield code="a">25479/MKRI-P/II-2017</subfield>
  </datafield>
  <datafield tag="990" ind1=" " ind2=" ">
   <subfield code="a">25478/MKRI-P/II-2017</subfield>
  </datafield>
  <datafield tag="990" ind1=" " ind2=" ">
   <subfield code="a">25478/MKRI-P/II-2017</subfield>
  </datafield>
  <datafield tag="990" ind1=" " ind2=" ">
   <subfield code="a">25476/MKRI-P/II-2017</subfield>
  </datafield>
  <datafield tag="990" ind1=" " ind2=" ">
   <subfield code="a">25477/MKRI-P/II-2017</subfield>
  </datafield>
  <datafield tag="990" ind1=" " ind2=" ">
   <subfield code="a">25479/MKRI-P/II-2017</subfield>
  </datafield>
 </record>
</collection>
